ARRUPE JESUIT UNIVERSITY

CORONAVIRUS -STOP THE SPREAD - CLEAN,DISINFECT,COVER

African sketchbook; (Record no. 126872)

MARC details
000 -LEADER
fixed length control field 00852cam a22002531 4500
001 - CONTROL NUMBER
control field 7027482
003 - CONTROL NUMBER IDENTIFIER
control field ARRUPE
005 - DATE AND TIME OF LATEST TRANSACTION
control field 20170904111522.0
008 - FIXED-LENGTH DATA ELEMENTS--GENERAL INFORMATION
fixed length control field 730515s1961 nyua 000 0 eng
010 ## - LIBRARY OF CONGRESS CONTROL NUMBER
LC control number 61012644
015 ## - NATIONAL BIBLIOGRAPHY NUMBER
National bibliography number GB62-14941
035 ## - SYSTEM CONTROL NUMBER
System control number (OCoLC)621507
040 ## - CATALOGING SOURCE
Original cataloging agency DLC
Transcribing agency OWibfC
Modifying agency NN
-- Uk
-- DLC
050 00 - LIBRARY OF CONGRESS CALL NUMBER
Classification number NC1145.F5
Item number A45
300 ## - PHYSICAL DESCRIPTION
Dimensions 19 cm.
100 1# - MAIN ENTRY--PERSONAL NAME
Personal name Franck, Frederick,
Dates associated with a name 1909-2006.
9 (RLIN) 35540
245 10 - TITLE STATEMENT
Title African sketchbook;
Statement of responsibility, etc text and drawings by Frederick Franck. Preface by Graham Greene.
250 ## - EDITION STATEMENT
Edition statement [1st ed.]
260 ## - PUBLICATION, DISTRIBUTION, ETC. (IMPRINT)
Place of publication, distribution, etc London,
Name of publisher, distributor, etc Peter Davies
Date of publication, distribution, etc 1961
300 ## - PHYSICAL DESCRIPTION
Extent xi, 180 p.
651 #0 - SUBJECT ADDED ENTRY--GEOGRAPHIC NAME
Geographic name Africa
General subdivision Description and travel.
-- Views
9 (RLIN) 35541
651 #0 - SUBJECT ADDED ENTRY--GEOGRAPHIC NAME
Geographic name Africa
General subdivision Description and travel.
Chronological subdivision 1951-
9 (RLIN) 35542
906 ## - LOCAL DATA ELEMENT F, LDF (RLIN)
a 7
b cbc
c oclcrpl
d u
e ncip
f 19
g y-gencatlg
942 ## - ADDED ENTRY ELEMENTS (KOHA)
Source of classification or shelving scheme Library of Congress Classification
Koha item type Monograph ( Printed materials)
Holdings
Withdrawn status Lost status Source of classification or shelving scheme Damaged status Not for loan Collection code Home library Current library Shelving location Date acquired Total Checkouts Full call number Barcode Date last seen Price effective from Koha item type
    Library of Congress Classification     Main Collection ARRUPE LIBRARY ARRUPE LIBRARY Main Collection 04/09/2017   NC1145.F5 A45 46500027919 04/09/2017 04/09/2017 Monograph ( Printed materials)

 

Arrupe Library. PO Box MP320 Mt Pleasant, Harare, Zimbabwe
263 242 745411|librarian@aju.ac.zw